El envejecimiento de la población latinoamericana /
Guardat en:
| Autor principal: | |
|---|---|
| Format: | Text |
| Matèries: | |
| Etiquetes: |
Afegir etiqueta
Sense etiquetes, Sigues el primer a etiquetar aquest registre!
|
MARC
| LEADER | 00000 a a2200000 04500 | ||
|---|---|---|---|
| 001 | 44784 | ||
| 003 | |||
| 040 | |||
| 100 | |a Chackiel, Juan | ||
| 245 | |a El envejecimiento de la población latinoamericana / |c Juan Chackiel | ||
| 650 | |a ENVEJECIMIENTO DE LA POBLACION | ||
| 650 | |a DEMOGRAFIA | ||
| 650 | |a DINAMICA DE LA POBLACION | ||
| 650 | |a AMERICA LATINA | ||
| 773 | |g páginas 166-185 | ||
| 999 | |c 27006 |d 27006 | ||
